<?xml version="1.0" encoding="UTF-8"?>
<record
    xmlns:xsi="http://www.w3.org/2001/XMLSchema-instance"
    xsi:schemaLocation="http://www.loc.gov/MARC21/slim http://www.loc.gov/standards/marcxml/schema/MARC21slim.xsd"
    xmlns="http://www.loc.gov/MARC21/slim">

  <leader>00564nas a22001813  4500</leader>
  <controlfield tag="001">10806867</controlfield>
  <controlfield tag="003">BD-DhUL</controlfield>
  <controlfield tag="005">20170418170523.0</controlfield>
  <controlfield tag="008">890614s1955    sz  u         0  0 0eng  </controlfield>
  <datafield tag="040" ind1=" " ind2=" ">
    <subfield code="a">BD-DhUL</subfield>
    <subfield code="c">BD-DhUL</subfield>
  </datafield>
  <datafield tag="082" ind1=" " ind2=" ">
    <subfield code="a">643.94</subfield>
    <subfield code="b">UNE</subfield>
  </datafield>
  <datafield tag="110" ind1="2" ind2=" ">
    <subfield code="a">United Nations.</subfield>
  </datafield>
  <datafield tag="245" ind1="0" ind2="0">
    <subfield code="a">European housing trends and policies in 1954 /</subfield>
    <subfield code="c">United Nations.</subfield>
  </datafield>
  <datafield tag="260" ind1=" " ind2=" ">
    <subfield code="a">Geneva :</subfield>
    <subfield code="b">United Nations,</subfield>
    <subfield code="c">1955.</subfield>
  </datafield>
  <datafield tag="300" ind1=" " ind2=" ">
    <subfield code="a">61 p. ;</subfield>
    <subfield code="c">28 cm.</subfield>
  </datafield>
  <datafield tag="590" ind1=" " ind2=" ">
    <subfield code="a">Holdings in 3x5 and visible files. Subseries of: United Nations. Documents. Title varies</subfield>
  </datafield>
  <datafield tag="942" ind1=" " ind2=" ">
    <subfield code="2">ddc</subfield>
    <subfield code="c">REF</subfield>
  </datafield>
  <datafield tag="999" ind1=" " ind2=" ">
    <subfield code="c">185461</subfield>
    <subfield code="d">185461</subfield>
  </datafield>
  <datafield tag="952" ind1=" " ind2=" ">
    <subfield code="0">0</subfield>
    <subfield code="1">0</subfield>
    <subfield code="2">ddc</subfield>
    <subfield code="4">0</subfield>
    <subfield code="6">643_940000000000000_UNE</subfield>
    <subfield code="7">0</subfield>
    <subfield code="8">REF</subfield>
    <subfield code="9">321667</subfield>
    <subfield code="a">DUL</subfield>
    <subfield code="b">DUL</subfield>
    <subfield code="c">UNC</subfield>
    <subfield code="d">2017-04-18</subfield>
    <subfield code="e">Gift</subfield>
    <subfield code="o">643.94 UNE</subfield>
    <subfield code="p">D1324</subfield>
    <subfield code="r">2017-04-18</subfield>
    <subfield code="w">2017-04-18</subfield>
    <subfield code="y">REF</subfield>
  </datafield>
</record>
